The Binding of Isaac All Items - Statistics

General Stats
  • This quiz has been taken 4,633 times
  • The average score is 236 of 715
Answer Stats
DESCRIPTION ADDED IN ANSWER % Correct
HP up Rebirth <3
85%
Blood laser barrage Rebirth Brimstone
83%
Homing shots Rebirth Spoon Bender
79%
Reroll your destiny Rebirth The D6
77%
What will it be? Afterbirth+ D1
76%
HP up Rebirth Breakfast
74%
Triple shot Rebirth The Inner Eye
74%
Rerolls enemies Rebirth D10
73%
Tears up Rebirth The Sad Onion
73%
DMG up Rebirth Cricket's Head
72%
Reroll into something else Rebirth D4
72%
Stab stab stab Rebirth Mom's Knife
72%
Extra life Rebirth 1UP
71%
All stats up! Rebirth Magic Mushroom
71%
9 lives Rebirth Dead Cat
70%
Laser tears Rebirth Technology
70%
Reroll stats Afterbirth D8
69%
Reusable fly hive Rebirth Guppy's Head
69%
Homing shots + DMG up Rebirth Sacred Heart
69%
Temporary flight Rebirth The Bible
69%
HP up Rebirth Dinner
68%
99 keys Rebirth Skeleton Key
68%
REEROLLLLL! Rebirth D100
66%
99 bombs Rebirth Pyro
66%
Reroll the basics Rebirth D20
65%
God tears Rebirth Godhead
65%
$$$ Rebirth A Dollar
64%
Stuff Rebirth Box
63%
Boomerang tears Rebirth My Reflection
63%
Laser ring tears Afterbirth Tech X
63%
Double shot Rebirth 20/20
62%
HP up Rebirth Lunch
62%
DMG down + tears way up Rebirth Soy Milk
62%
Teleport! Rebirth Teleport
62%
+25 coins Rebirth A Quarter
61%
Cursed? Rebirth Guppy's Tail
61%
DMG + HP up Rebirth Meat!
61%
$$$ = DMG Rebirth Money = Power
61%
All stats up Rebirth The Halo
61%
??? Rebirth Dr. Fetus
60%
Quad Shot Rebirth Mutant Spider
60%
Better pills Rebirth PHD
60%
Hurts so good +5 bombs Rebirth Pyromaniac
60%
50% off Rebirth Steam Sale
60%
Laser Rebirth Technology 2
60%
Soul converter Rebirth Guppy's Paw
59%
I am all Rebirth The Soul
59%
Gotta meat em all Rebirth Cube of Meat
58%
Rerolls rocks Afterbirth D12
58%
Reroll rewards! Afterbirth D7
58%
Stompy Rebirth Leo
58%
Eye in the back of your head Rebirth Mom's Eye
58%
Mega tears Rebirth Polyphemus
58%
Temporary DMG up Rebirth The Book of Belial
58%
I know all Rebirth The Mind
58%
Bumbo want coin! Afterbirth Bumbo
57%
Charge shots Rebirth Chocolate Milk
57%
Splash damage + tears up Rebirth Cricket's Body
57%
I feel all Rebirth The Body
57%
Plop! Rebirth The Poop
57%
10 bombs Rebirth Boom!
56%
Holy shield Rebirth Holy Mantle
56%
You feel balanced Rebirth Libra
56%
Double tap dash Repentance Mars
56%
Mass fear Rebirth Mom's Bra
56%
Poison tears Rebirth Scorpio
56%
Stores energy Rebirth The Battery
56%
Friends 'till the end Rebirth Brother Bobby
55%
On-demand air strike Rebirth Epic Fetus
55%
He wants your keys! Afterbirth Key Bum
55%
It's only up from there Repentance Rock Bottom
55%
Fate chosen Rebirth The Negative
55%
Fate chosen Rebirth The Polaroid
55%
Gotta lick em all Rebirth Ball of Bandages
54%
All stats up Rebirth Capricorn
54%
Opens all doors… Rebirth Dad's Key
54%
Reroll forever Afterbirth+ D Infinity
54%
Friends 'till the end Rebirth Sister Maggy
54%
Poison touch Rebirth The Virus
54%
My Xmas present Rebirth A Lump of Coal
53%
Secrets Rebirth Blue Map
53%
Cursed charged shot Rebirth Cursed Eye
53%
He wants to take your life Rebirth Dark Bum
53%
Eternal life? Rebirth Guppy's Collar
53%
Explosive shots Rebirth Ipecac
53%
Reusable regeneration Rebirth Yum Heart
53%
DMG down + tears up + you feel nutty Repentance Almond Milk
52%
Curse of immunity + evil up Rebirth Black Candle
52%
Card Mimic Rebirth Blank Card
52%
Reusable soul protection Rebirth Book of Revelations
52%
HP up + you feel protected Rebirth Cancer
52%
You're a gas giant! Repentance Jupiter
52%
Summon monstro Rebirth Monstro's Tooth
52%
Flamboyant protector Repentance Psy Fly
52%
They grow inside Rebirth Infestation
51%
Size down Repentance Pluto
51%
Speed down + rage is building Rebirth Taurus
51%
Mass room damage Rebirth The Necronomicon
51%
Daddy's love Rebirth Daddy Longlegs
50%
An eye for secrets Repentance Guppy's Eye
50%
Luck up Rebirth Lucky Foot
50%
I'm a big boy now! Repentance Mega Mush
50%
Golden touch Rebirth Midas Touch
50%
Caaan Do! Afterbirth+ Mr Me!
50%
Reusable evil… but at what costs? Rebirth Satanic Bible
50%
Split shot Rebirth The Parasite
50%
Conjoined friend Rebirth Gemini
49%
Electric tears Afterbirth+ Jacob's Ladder
49%
HP up Repentance Supper
49%
I-teleport! Afterbirth Teleport 2.0
49%
Born to rock Repentance Terra
49%
Toot on command Rebirth The Bean
49%
Ice tears Repentance Uranus
49%
Big beautiful fly Rebirth BBF
48%
Explosive thoughts Rebirth Bob's Brain
48%
Fetus shots Repentance C Section
48%
Dark friend Afterbirth Incubus
48%
Become the bomb! Rebirth Kamikaze
48%
More trinket room Rebirth Mom's Purse
48%
There are even more options! Afterbirth More Options
48%
-1 Repentance Spindown Dice
48%
It's still being tested Rebirth Tech.5
48%
Building bridges Rebirth The Ladder
48%
HP up + you feel pretty Repentance Venus
48%
Consume Afterbirth+ Void
48%
A trail of tears Rebirth Aquarius
47%
Infestation shot Rebirth Infestation 2
47%
There might be options Repentance Options?
47%
DMG up Rebirth Pentagram
47%
Speed and Range Up Rebirth Roid Rage
47%
HP up Rebirth Blood Bag
46%
Reusable card generator Rebirth Deck of Cards
46%
Portable blood bank Rebirth IV Bag
46%
Speed + range up Rebirth Mini Mush
46%
Better chest loot +2 keys Rebirth Mom's Key
46%
Friends till the bzzzttt Rebirth Robo-Baby
46%
Let's slow this down a bit Rebirth Stop Watch
46%
Reusable tear burst Rebirth Tammy's Head
46%
Speed up Rebirth The Belt
46%
You feel refreshed and protected Rebirth Virgo
46%
Quicker charge Rebirth 9 Volt
45%
Ramming speed Rebirth Aries
45%
Where am I? Repentance Death Certificate
45%
Some stats up, some stats down Rebirth Experimental Treatment
45%
??? Rebirth Key Piece #1
45%
??? Rebirth Key Piece #2
45%
Gross… Rebirth Mom's Pad
45%
Flame on Rebirth Red Candle
45%
Temporary Invincibility Rebirth Book of Shadows
44%
It's a box of spiders Rebirth Box of Spiders
44%
He accepts your offering Rebirth Goat Head
44%
It's time you learned how Rebirth How to Jump
44%
Range up Rebirth Mom's Lipstick
44%
Penetrative shot + speed up Rebirth Sagittarius
44%
Damage resistance Rebirth The Wafer
44%
Evil up + DMG up + fear shot Rebirth Abaddon
43%
Holy shot! Afterbirth Holy Light!
43%
He's Delirious Afterbirth+ Lil Delirium
43%
More Secrets Repentance Luna
43%
BOOOOOOOOOM! Afterbirth+ Mama Mega!
43%
Pill mimic Afterbirth Placebo
43%
Time to start over Repentance R Key
43%
Ring of tears Repentance Saturnus
43%
Radiant victory Repentance Sol
43%
DMG up Rebirth Steven
43%
Damage booster Afterbirth Succubus
43%
Toot on touch Rebirth The Black Bean
43%
Temporary demon form Rebirth The Nail
43%
Reusable level skip Rebirth We Need To Go Deeper
43%
Speed up Rebirth Wooden Spoon
43%
RAGE! Rebirth Bloody Lust
42%
Double your friends Afterbirth Box of Friends
42%
He's Greedy Rebirth Bum Friend
42%
Auto-turret friend Rebirth Demon Baby
42%
Worse pills + evil up Repentance False PHD
42%
DMG up + speed up Rebirth Growth Hormones
42%
Swing it Rebirth Guppy's Hairball
42%
Lost protector Afterbirth Lost Fly
42%
Don't cry over it… Afterbirth Milk!
42%
Open the floodgates Repentance Neptunus
42%
Fly love Rebirth Skatole
42%
Speed + shot speed up Rebirth Speed Ball
42%
Temporary enemy slowdown Rebirth The Hourglass
42%
DMG up Rebirth The Mark
42%
Full visible map Rebirth Treasure Map
42%
Accuracy brings power! Afterbirth Dead Eye
41%
Range up Rebirth Mom's Heels
41%
Pack and unpack Afterbirth+ Moving Box
41%
Bouncing tears Rebirth Rubber Cement
41%
BLLLARRRRGGG! Rebirth Shoop Da Whoop!
41%
Reusable item generator Rebirth The Book of Sin
41%
The end is near Rebirth The Compass
41%
Come forth from the depths Repentance Abyss
40%
Reusable knockback Rebirth Butter Bean
40%
Flight Eternal Rebirth Fate
40%
Psychic friend Rebirth Little Steven
40%
Their blood brings rage! Afterbirth Lusty Blood
40%
Spectral tears Rebirth Ouija Board
40%
Tears up + knockback shot Rebirth Pisces
40%
HP up + regen Rebirth Placenta
40%
Temporary demon form Repentance Sulfur
40%
Double wiz shot! Afterbirth The Wiz
40%
Curse up Rebirth Whore of Babylon
40%
Rainbow tears Rebirth 3 Dollar Bill
39%
Reusable ranged bomb Rebirth Bob's Rotten Head
39%
Projectile protection Rebirth Halo of Flies
39%
Cross tears Rebirth Loki's Horns
39%
Shielded tears Rebirth Lost Contact
39%
Mongo friend Rebirth Mongo Baby
39%
Temporary buddy generator Rebirth Monster Manual
39%
Me! And my shaaaadow! Afterbirth My Shadow
39%
Eyeball tears! Afterbirth+ Pop!
39%
Tear blast +5 bombs Rebirth Sad Bombs
39%
Reusable flame Rebirth The Candle
39%
Orbiting tears + range up Rebirth Tiny Planet
39%
Mirrored buddy Rebirth Abel
38%
Flight + dash attack Rebirth A Pony
38%
Your friends rule! Rebirth BFFS!
38%
Piercing shots Rebirth Cupid's Arrow
38%
Reusable air strike Rebirth Doctor's Remote
38%
Immortal friend Rebirth Dry Baby
38%
Flaming tears Rebirth Fire Mind
38%
Spectral buddy Rebirth Ghost Baby
38%
Sweet revenge Rebirth Judas' Shadow
38%
Charged attack Rebirth Monstro's Lung
38%
Explore the other side Repentance Red Key
38%
Never ending stores! Afterbirth Restock
38%
We worked out all the kinks Rebirth Robo-Baby 2.0
38%
All stats up Repentance Sausage
38%
Stairway to heaven Repentance The Stairway
38%
Panic - power Afterbirth+ Adrenaline
37%
HP up Rebirth A Snack
37%
Demon blast +5 bombs Repentance Brimstone Bombs
37%
Nice hat! Afterbirth Host Hat
37%
Matt's kidney stone Afterbirth Kidney Stone
37%
??? Repentance Knife Piece 1
37%
??? Repentance Knife Piece 2
37%
Demon Wings Rebirth Lord of the Pit
37%
My life savings Rebirth Piggy Bank
37%
Rune generator Afterbirth Rune Bag
37%
Lose your head Rebirth Scissors
37%
Temporary Man-Pac Rebirth The Gamekid
37%
DMG + tears up Rebirth The Pact
37%
More options Rebirth There's Options
37%
Double trouble! Repentance Twisted Pair
37%
4me Repentance 2Spooky
36%
Beat the juice out of them! Repentance 4.5 Volt
36%
Summon bombs Rebirth Anarchist Cookbook
36%
Antigravity tears + tears up Rebirth Anti-Gravity
36%
Poison bombs Rebirth Bob's Curse
36%
Spiritual companionship Repentance Book of Virtues
36%
50/50 Afterbirth+ Crooked Penny
36%
Turn back time Afterbirth Glowing Hour Glass
36%
Krampus rage Rebirth Head of Krampus
36%
You feel itchy Rebirth Mom's Wig
36%
Reusable bomb buddy Rebirth Mr. Boom
36%
DMG up | Fire rate up Rebirth Odd Mushroom
36%
Awaken your faith Repentance Revelation
36%
Infested friend Rebirth Rotten Baby
36%
Gives Sacks! Afterbirth+ Sack of Sacks
36%
Extra active item room Afterbirth+ Schoolbag
36%
Temporary psychic shot Rebirth Telepathy for Dummies
36%
Save your life Rebirth The Jar
36%
They grow inside Rebirth The Mulligan
36%
We all float down here... Rebirth Transcendence
36%
Eternal life? Rebirth Ankh
35%
Near sighted friend Rebirth Cain's Other Eye
35%
Repentance Dad's Note
35%
Toxic aura tears Rebirth Dead Onion
35%
Unleash the power! Afterbirth+ Delirious
35%
I don't remember… Rebirth Forget Me Now
35%
Rainbow effects! Afterbirth Fruit Cake
35%
Giant spiders and flies Rebirth Hive Mind
35%
Lil hush! Afterbirth+ Hushy
35%
Collected tears Rebirth Isaac's Tears
35%
Blood sucker Rebirth Leech
35%
Evil friend Rebirth Lil Brimstone
35%
Gives kisses Rebirth Little C.H.A.D
35%
Giga fart! Afterbirth Mega Bean
35%
Speed up + you feel elusive Repentance Mercurius
35%
? ? Rebirth Pandora's Box
35%
Short range mega tears Rebirth Proptosis
35%
Random buddy Rebirth Rainbow Baby
35%
Trinket melter! Afterbirth+ Smelter
35%
DMG up + range Rebirth Synthoil
35%
Isaac and his mother lived alone in a small house on a hill Repentance TMTrainer
35%
All you can eat Repentance Binge Eater
34%
1+1 bombs Rebirth Bogo Bombs
34%
Gives bombs Rebirth Bomb Bag
34%
Defense drone Repentance Bot Fly
34%
LAG! Afterbirth+ Broken Modem
34%
Double charge! Afterbirth Car Battery
34%
DMG + Challenge up Rebirth Champion Belt
34%
A king's fortune… but at what cost? Repentance Damocles
34%
Double item vision Afterbirth Diplopia
34%
Sticky bomb shot! Afterbirth Explosivo
34%
Watch where you point that! Afterbirth+ Finger!
34%
Prize bombs! Afterbirth Glitter Bombs
34%
Protect him Repentance Lost soul
34%
Reusable pill generator Rebirth Mom's Bottle of Pills
34%
Range up Rebirth Mom's Underwear
34%
Tears up Rebirth Number One
34%
More sacks! Afterbirth Sack Head
34%
The kiss of death Afterbirth Serpent's Kiss
34%
Controlled tears Rebirth The Ludovico Technique
34%
Tooth shot Rebirth Tough Love
34%
??? Repentance Birthright
33%
HP up x3 Rebirth Black Lotus
33%
I think it's broken Rebirth Broken Watch
33%
What could it be?! Afterbirth+ Buddy in a Box
33%
??? Repentance Eternal D6
33%
????? Repentance Glitched Crown
33%
Shrink shot! Afterbirth God's Flesh
33%
Spending power Repentance Keeper's Sack
33%
Eternal life? Rebirth Lazarus' Rags
33%
4-way buddy! Afterbirth Lil Loki
33%
Syntax error Rebirth Missing No
33%
Random blast +5 bombs Repentance Nancy Bombs
33%
Gamble 24/7 Rebirth Portable Slot
33%
Feel my pain Rebirth Razor Blade
33%
Faith up Rebirth Rosary
33%
Poison damage Rebirth The Common Cold
33%
You feel stumped Rebirth Unicorn Stump
33%
Flip a coin Afterbirth Wooden Nickel
33%
?????? Rebirth Book of Secrets
32%
Camo kid Afterbirth+ Camo Undies
32%
Shot speed down + DMG up Rebirth Eve's Mascara
32%
Item martyr Rebirth Habit
32%
I'm seeing red… Afterbirth+ Haemolacria
32%
Penny tears! Afterbirth Head of the Keeper
32%
Protect it Rebirth Isaac's Heart
32%
A gurd of your own! Afterbirth Lil Gurdy
32%
Wrapped up nice for you! Afterbirth+ Mystery Gift
32%
Tasty rainbow Repentance Playdough Cookie
32%
Hp up Rebirth Raw Liver
32%
We put bombs in your bombs! Afterbirth Scatter Bombs
32%
She loves you Rebirth Sissy Long Legs
32%
All stats up Rebirth SMB Super Fan
32%
Divine blade Repentance Spirit Sword
32%
Remote tear detonation Afterbirth Tear Detonator
32%
Flight + holy death Rebirth White Pony
32%
I've seen everything Rebirth X-Ray Vision
32%
Toxic blood Rebirth Anemic
31%
Sticky feet… Rebirth Ball of Tar
31%
What a cute little thing! Repentance Blood Puppy
31%
Party time! Afterbirth+ Bozo
31%
Kills heal Rebirth Charm of the Vampire
31%
You feel cursed… Afterbirth Curse of the Tower
31%
Penetrative shots + DMG up Rebirth Death's Touch
31%
:( Afterbirth+ Depression
31%
HP up Rebirth Dessert
31%
Bark at the moon! Afterbirth+ Dog Tooth
31%
Turdy Touch Rebirth E. Coli
31%
Needle shot Afterbirth+ Euthanasia
31%
DMG up + range up + controlled tears Repentance Eye of the Occult
31%
Concussive tears Rebirth Iron Bar
31%
Laser breath Afterbirth Mega Blast
31%
Money talks Afterbirth Pay to Play
31%
Gotta catch em… Afterbirth+ Poke Go
31%
Mass enemy slowdown + damage Rebirth Spider Butt
31%
Watch your back! Afterbirth+ Backstabber
30%
Rise from the grave Afterbirth+ Book of the Dead
30%
Wealth, but at what cost? Rebirth Contract from Below
30%
Father's blessing Afterbirth+ Dad's Ring
30%
Protective buddy Rebirth Dead Bird
30%
Flight + spectral tears Rebirth Dead Dove
30%
Erase thy enemy Repentance Eraser
30%
He farts! Afterbirth Farting Baby
30%
Flame tears Afterbirth+ Ghost Pepper
30%
What's inside? Afterbirth Mom's Box
30%
Fear shot Rebirth Mom's Perfume
30%
Toxic splash damage Rebirth Mysterious Liquid
30%
Uh oh… Afterbirth No. 2
30%
Full HP + temporary DMG up Repentance Red Stew
30%
Extra card room Rebirth Starter Deck
30%
Static tears! Afterbirth+ Technology Zero
30%
Tears up Rebirth Wire Coat Hanger
30%
DMG up Rebirth Blood of the Martyr
29%
May your rage bring haste Repentance Bloody Gust
29%
Shot speed up + DMG up Rebirth Cat-o-Nine-Tails
29%
Outbreak! Afterbirth+ Contagion
29%
Convert your soul Rebirth Converter
29%
The untainted gain power Afterbirth Crown of Light
29%
Fear shot Rebirth Dark Matter
29%
Attack fly Rebirth Distant Admiration
29%
Tears up + you feel empty Afterbirth+ Divorce Papers
29%
Ascended Repentance Dogma
29%
Your future shines brighter Afterbirth Eden's Blessing
29%
I reward an empty vessel Afterbirth Empty Vessel
29%
In the beginning Repentance Genesis
29%
Spooky blast +5 bombs Repentance Ghost Bombs
29%
Sweet suffering Rebirth Gimpy
29%
Double shot buddy Rebirth Harlequin Baby
29%
No it doesn't Repentance It Hurts
29%
Blast damage Rebirth Mr. Mega
29%
Use with caution Afterbirth+ Plan C
29%
Remote bomb detonation Rebirth Remote Detonator
29%
Destined for greatness Repentance Sacred Orb
29%
Sworn friend Afterbirth Seraphim
29%
Charge with blood Rebirth Sharp Plug
29%
Mod buddy! Afterbirth Spider Mod
29%
Lil Harbringers! Afterbirth+ 7 Seals
28%
You feel safe Afterbirth+ Blanket
28%
Bloody blast + HP up Repentance Blood Bombs
28%
Rune mimic Repentance Clear Rune
28%
Kick it! Repentance Cube Baby
28%
I remember this… Afterbirth+ Dad's Lost Coin
28%
Attack fly Rebirth Forever Alone
28%
Splash! Rebirth Holy Water
28%
Abyssal friend Repentance Lil Abaddon
28%
Ain't he cute? Afterbirth+ Lil Monstro
28%
Item snatcher Rebirth Magneto
28%
Exclusive access! Repentance Member Card
28%
Charm tears Rebirth Mom's Eyeshadow
28%
Ultimate grand supreme Rebirth Pageant Boy
28%
Stop! Afterbirth+ Pause
28%
Cut and Run Rebirth Pinking Shears
28%
Gives money Rebirth Sack of Pennies
28%
My fate protects me Rebirth Sacrificial Dagger
28%
Booger tears! Afterbirth+ Sinus Infection
28%
See-through doors Rebirth Spelunker Hat
28%
An out-of-body experience Rebirth The Guillotine
28%
DMG up Rebirth The Small Rock
28%
Tears + shot speed up Rebirth Torn Photo
28%
Blood money Repentance A Pound of Flesh
27%
Rip and tear Repentance Berserk!
27%
Friends 'till the end Rebirth Best Friend
27%
Invincibility at a cost Rebirth Breath of Life
27%
Feed them hate Afterbirth Cambion Conception
27%
Hard headed! Afterbirth+ Cone Head
27%
I see my future Rebirth Crystal Ball
27%
109 Afterbirth+ Dataminer
27%
Pain from gain Repentance Golden Razor
27%
Flight + HP up Rebirth Holy Grail
27%
Burning blast +5 bombs Rebirth Hot Bombs
27%
Halo of tears Repentance Immaculate Heart
27%
Consume thy enemy! Afterbirth Maw of the Void
27%
Lost but not forgotten Afterbirth+ Mom's Shovel
27%
You feel cozy Afterbirth PJs
27%
Reusable eternity Rebirth Prayer Card
27%
He demands a sacrifice Afterbirth+ Sacrificial Altar
27%
Scary Rebirth Spirit of the Night
27%
Tears + shot speed up Rebirth Toothpicks
27%
Yo listen! Afterbirth+ Yo Listen!
27%
Gross! Repentance Yuck Heart
27%
He's violent Afterbirth+ Angry Fly
26%
Bone tears! Afterbirth+ Compound Fracture
26%
Transcendent tears Afterbirth Continuum
26%
Faster Bomb Drops! Afterbirth+ Fast Bombs
26%
Skipping tears Afterbirth+ Flat Stone
26%
Life and death Repentance Flip
26%
Game breaking bug, right away! Afterbirth GB Bug
26%
Feed them love Afterbirth Immaculate Conception
26%
Damage reduction Rebirth Infamy
26%
Love toots! Afterbirth Kidney Bean
26%
Egg tears! Afterbirth+ Parasitoid
26%
Scape goat Rebirth Punching Bag
26%
Spider revenge Rebirth Spiderbaby
26%
Slow effect Rebirth Spider Bite
26%
DMG up Repentance Stapler
26%
Egg sack bombs! Afterbirth Sticky Bombs
26%
Undefined Rebirth Undefined
26%
Tears up. A mind changing experience! Repentance Wavy Cap
26%
Make your destiny Repentance Bag of Crafting
25%
Spin the black circle! Afterbirth Black Powder
25%
Mass enemy damage at a cost Rebirth Blood Rights
25%
It will never leave you Rebirth Boomerang
25%
HP up Rebirth Bucket of Lard
25%
One with the shadows Repentance Dark Arts
25%
Sweet dreams Repentance Dream Catcher
25%
Eye shot! Afterbirth Evil Eye
25%
Possessed tears! Afterbirth+ Eye of Belial
25%
Be gentle… Afterbirth Glass Cannon
25%
Unbreakable Rebirth Gnawed Leaf
25%
Sticky friend Rebirth Little Gish
25%
Freeze effect Rebirth Mom's Contacts
25%
Temporary badass Rebirth My Little Unicorn
25%
Protective friend Afterbirth Sworn Protector
25%
Invasive friend Repentance The Intruder
25%
HP + speed down + you feel strong Rebirth Thunder Thighs
25%
Extra curse rooms Repentance Voodoo Head
25%
I can't believe it's not butter bean! Afterbirth+ Wait What?
25%
Trick or treat? Afterbirth+ Apple!
24%
It feels cursed | Lost but not forgotten Afterbirth+ Broken Shovel
24%
!!! Afterbirth Chaos
24%
+1 to lowest stat Repentance Consolation Prize
24%
Money = Health! Afterbirth+ Greed's Gullet
24%
Item summoner Repentance Lemegeton
24%
Magnetizing tears Repentance Lodestone
24%
Choking hazard Afterbirth+ Marbles
24%
ydduB Buddy Afterbirth Multidimensional Baby
24%
Turret follower Afterbirth Papa Fly
24%
Aura stat boost Afterbirth Purity
24%
The ol' ball and chain Rebirth Samson's Chains
24%
It follows Afterbirth+ Shade
24%
Blood and guts! Afterbirth+ Shard of Glass
24%
Revenge fly Rebirth Smart Fly
24%
+2 hearts Rebirth Super Bandage
24%
Plop! Rebirth The Peeper
24%
Soul generator Rebirth The Relic
24%
Mass poison Afterbirth Toxic Shock
24%
Repent Repentance Anima Sola
23%
Fat protector Rebirth Big Fan
23%
It burns Repentance Bird's Eye
23%
Toxic blast +5 bombs Rebirth Butt Bombs
23%
Change Afterbirth+ Clicker
23%
Allow 6 weeks for delivery Afterbirth+ Coupon
23%
Holy white death Rebirth Crack the Sky
23%
I feel numb… Afterbirth+ Dull Razor
23%
Peace be with you Afterbirth+ Eucharist
23%
Blind tears! Afterbirth+ Glaucoma
23%
Extra protection Rebirth Guardian Angel
23%
They pack a punch! Repentance Knockout Drops
23%
Crying makes me toot Afterbirth+ Linger Bean
23%
HP + luck up Rebirth Magic Scab
23%
Rocket propulsion +5 bombs Repentance Rocket in a Jar
23%
HP up Rebirth Rotten Meat
23%
Controlled friend Rebirth ???'s Only Friend
23%
Bait and switch Repentance Stitches
23%
You feel guarded Rebirth Trinity Shield
23%
Zap! Repentance 120 Volt
22%
360 tears! Afterbirth+ Analog Stick
22%
Turn your enemy Afterbirth Betrayal
22%
HP + tears + shot speed down Rebirth Blue Cap
22%
You feel very balanced Afterbirth+ Duality
22%
Afterbirth+ Eden's Soul
22%
Intensifying tears Afterbirth Epiphora
22%
Demonic gestation Repentance Gello
22%
Portable shop Repentance Keeper's Box
22%
Under a rock Repentance Keeper's Kin
22%
Extra pill room Rebirth Little Baggy
22%
Attack buddy Rebirth Little Chubby
22%
HP up + you feel healthy Rebirth Maggy's Bow
22%
Shot speed up Rebirth Magic 8 Ball
22%
Evil up + your enemies will pay Rebirth Missing Page 2
22%
Scared of the dark? Afterbirth Night Light
22%
Wide shot Afterbirth Pupula Duplex
22%
Sprinkles. Afterbirth+ Sprinkler
22%
Magnetic tears Rebirth Strange Attractor
22%
Pills pills pills! Afterbirth+ Acid Baby
21%
The true out-of-body experience! Repentance Astral Projection
21%
Sin up Rebirth Ceremonial Robes
21%
Chuck away! Repentance Decap Attack
21%
Tears up Repentance Eye Drops
21%
Rebirth Flush!
21%
Reusable fortunes Repentance Fortune Cookie
21%
Iced iced baby Repentance Freezer Baby
21%
Your stomach rumbles Repentance IBS
21%
Buried Memories Repentance Isaac's Tomb
21%
Gotta catch 'em all? Afterbirth Jar of Flies
21%
Damage + range up Rebirth Jesus Juice
21%
Directed tears Afterbirth Marked
21%
Slice but no dice Repentance Meat Cleaver
21%
Mother's strength Repentance Mom's Bracelet
21%
What's all this…? Rebirth Mom's Coin Purse
21%
Follows my every move… Afterbirth Obsessed Fan
21%
Follow the light Repentance Star of Bethlehem
21%
DMG + HP up Rebirth Stigmata
21%
Acid tears! Afterbirth+ Sulfuric Acid
21%
Angel breaker Repentance Suplex!
21%
Plop! Repentance The Scooper
21%
Memories… Afterbirth Binky
20%
DMG + range up Rebirth Blood Clot
20%
Everything hurts Afterbirth+ Brittle Bones
20%
Bbbzzzzzt! Afterbirth Charged Baby
20%
Halitosis Afterbirth+ Dead Tooth
20%
Just hope you're not next Afterbirth+ Death's List
20%
I can see the future future future Repentance Echo Chamber
20%
Your fate beside you Afterbirth Fate's Reward
20%
1+1free 4evar! Rebirth Humbleing Bundle
20%
Sticky babies Rebirth Juicy Sack
20%
Oops… Rebirth Lemon Mishap
20%
Range + tears up Afterbirth Mr. Dolly
20%
HP up Rebirth Old Bandage
20%
Speed up + your feet feel stronger Repentance Orphan Socks
20%
Instant energy! Repentance Battery Pack
19%
Friends till the end Rebirth Bobby - Bomb
19%
Speed up + size down Rebirth Caffeine Pill
19%
More stuff to carry! Afterbirth Deep Pockets
19%
Gold tears! Afterbirth+ Eye of Greed
19%
Gotta fetch 'em all! Afterbirth Friendly Ball
19%
Bloody friend Rebirth Headless Baby
19%
Fear him Rebirth Lil Haunt
19%
Puking buddy Afterbirth+ Lil Spewer
19%
Pay to play Rebirth Magic Fingers
19%
All your desires fulfilled Repentance Magic Skin
19%
HP up Afterbirth+ Midnight Snack
19%
Range + luck up Afterbirth Mom's Pearls
19%
Deliver me from evil Repentance Redemption
19%
Tears + shot speed up Rebirth Screw
19%
Smite thy enemy Afterbirth+ Trisagion
19%
Stick it to 'em! Afterbirth 8 Inch Nails
18%
Bounce away! Repentance Belly Jelly
18%
Chub chub Afterbirth+ Big Chubby
18%
A link to your future Repentance Card Reading
18%
Shards of knowledge Repentance Cracked Orb
18%
Don't swallow the prize! Afterbirth Crack Jacks
18%
Filthy friends Repentance Dirty Mind
18%
Lost brother Repentance Esau Jr
18%
Anything is possible Repentance Everything Jar
18%
Bloody recharge! Afterbirth+ Jumper Cables
18%
Lord of the dead! Afterbirth+ King Baby
18%
Puffy buddy Repentance Lil Dumpy
18%
It hungers Repentance Lil Portal
18%
Rocks didn't stand a chance Rebirth Notched Axe
18%
Play time! Repentance Plum Flute
18%
Tears up Rebirth Squeezy
18%
HP up Rebirth Stem Cells
18%
I see the future Afterbirth+ Tarot Cloth
18%
Call to the void Afterbirth Athame
17%
What's in there? Afterbirth+ Belly Button
17%
It's a mystery Rebirth Dead Sea Scrolls
17%
Double tap shield Repentance Divine Intervention
17%
More eyes Repentance Eye Sore
17%
Filled with goodies Rebirth Fanny Pack
17%
Feed them! Afterbirth+ Lachryphagy
17%
Luck up Rebirth Latch Key
17%
HP up? Afterbirth+ Marrow
17%
Oh no… Repentance Montezuma's Revenge
17%
Spore shot Repentance Mucormycosis
17%
Hold me! Afterbirth+ Polydactyly
17%
Come back Repentance Recall
17%
Evil up + range + shot speed Rebirth Safety Pin
17%
Your destiny Afterbirth Spear of Destiny
17%
The power of mind! Afterbirth+ Telekinesis
17%
Controlled tears Afterbirth Tractor Beam
17%
Tears + shot speed up Repentance A Bar of Soap
16%
Spill your guts Repentance Akeldama
16%
A sacred offering Repentance Alabaster Box
16%
Nothing can escape Afterbirth+ Black Hole
16%
Power of love Repentance Candy Heart
16%
Loss is power Afterbirth+ Dark Prince's Crown
16%
Double tap sneeze Repentance Hemoptysis
16%
Let him free Repentance Inner Child
16%
Hear my pain Repentance Larynx
16%
Waggles a finger Afterbirth+ Metronome
16%
You feel blessed Rebirth Mitre
16%
? Rebirth Mystery Sack
16%
Keep the flame burning Repentance Paschal Candle
16%
A pound of flesh… Afterbirth+ Potato Peeler
16%
Infest Repentance The Swarm
16%
You feel prickly Repentance Tooth and Nail
16%
The heavens will change you Afterbirth Zodiac
16%
Tears up, you feel forgiven Repentance Act of Contrition
15%
Ancient power Repentance Azazel's Rage
15%
Messy friend Repentance Boiled Baby
15%
Explosive blast! Afterbirth Bomber Boy
15%
Collect them all! Repentance Booster Pack
15%
You feel blessed Rebirth Celtic Cross
15%
Saved for later Repentance Hold
15%
He's a bleeder! Afterbirth+ Lead Pencil
15%
You're tearing me apart! Afterbirth+ Leprosy
15%
Science! Afterbirth+ Little Horn
15%
Evil up Rebirth Match Book
15%
They lurk inside Repentance Quints
15%
Divine protection Repentance Salvation
15%
Return Repentance Sumptorium
15%
Bleed me dry Repentance Blood Oath
14%
Spider love Afterbirth Bursting Sack
14%
Protect me from myself Afterbirth Circle of Protection
14%
Thick blooded Repentance Hypercoagulation
14%
Fetch Afterbirth+ Jaw Bone
14%
What's in the box? Afterbirth Lil Chest
14%
Booom! Afterbirth Mine Crafter
14%
Stabbing time Afterbirth+ Pointy Rib
14%
Help from beyond Repentance Purgatory
14%
Open your enemies Repentance Sharp Key
14%
A helping hand Repentance Strawman
14%
Tear size + range up Repentance Tropicamide
14%
Sworn protector Rebirth Best Bud
13%
Peace be with you Afterbirth Censer
13%
Best friends forever! Repentance Friend Finder
13%
Portable sanctuary Afterbirth+ Hallowed Ground
13%
Your faith grows Repentance Jar of Wisps
13%
It itches… Afterbirth+ Metal Plate
13%
You have been blessed Rebirth Scapular
13%
Let it rip! Repentance Spin to Win
13%
DMG up Rebirth Chemical Peel
12%
Friendly fly Afterbirth Friend Zone
12%
Bouncy friend Repentance Fruity Plum
12%
He awaits your offering Repentance Sanguine Bond
12%
Unfinished business Repentance Spirit Shackles
12%
Unleash their sorrow Repentance Urn of Souls
12%
Micro friends Repentance Giant Cell
11%
Stare into the abyss Repentance Ocular Rift
11%
Delicious! Repentance Rotten Tomato
11%
Projectile shield Afterbirth+ Slipped Rib
11%
He wants revenge Repentance Vanishing Twin
11%
I'm leaking… Afterbirth+ Varicose Veins
11%
Clogged enemies Repentance Vasculitis
11%
Eclipsed by the moon Afterbirth+ Angelic Prism
10%
Fat buddy Repentance Bird Cage
10%
Break your enemies Repentance Bone Spurs
10%
Friendly Fly Afterbirth+ Brown Nugget
10%
Gain more friends! Afterbirth+ Compost
10%
Luck up + you feel protected Repentance Evil Charm
10%
A gift from above Afterbirth+ Glyph of Balance
10%
Eternal sorrow Repentance Heartbreak
10%
It's sharp! Afterbirth+ Mom's Razor
10%
Sacrificial insemination Afterbirth+ Mystery Egg
10%
More blood! Afterbirth+ Sharp Straw
10%
Power of faith Repentance Soul Locket
10%
Short cutter Afterbirth Ventricle Razor
10%
It multiplies Repentance Empty Heart
9%
Party time! Repentance Free Lemonade
9%
Creep shots Afterbirth+ Large Zit
9%
Purifying Light Repentance Monstrance
9%
Begone! Repentance Vade Retro
9%
Clingy buddy Repentance Worm Friend
9%
Out for blood Repentance Hungry Soul
8%
Itching for revenge Repentance Tinytoma
8%
Bloody friend Afterbirth+ Bloodshot Eye
6%
Hot blooded Repentance Vengeful Spirit
6%
No matching quizzes found
Score Distribution
Percent of People with Each Score
Percentile by Number Answered
Your Score History
You have not taken this quiz